Tipologías de vivienda popular.

Сохранить в:
Библиографические подробности
Главный автор: Mora Infante, Carlos L.
Формат:
Опубликовано: San José, Costa Rica 1989
Предметы:
Метки: Добавить метку
Нет меток, Требуется 1-ая метка записи!

MARC

LEADER 00000nam a2200000Ia 4500
003 004828
005 20221231144335.0
008 140114s1989 cr a m 000 ||s d
040 |c cru CEDI 
090 |a TFG 2273 
100 |a Mora Infante, Carlos L.  |9 13123 
245 |a Tipologías de vivienda popular. 
260 |c 1989  |a San José, Costa Rica 
300 |a  [83] hojas (1 plegables) : ilustraciones ; 27 cm  
500 |a  Proyecto de graduación (licenciatura en ingeniería civil)--Universidad de Costa Rica. Facultad de Ingeniería. Escuela de Ingeniería Civil 
650 |x VIVIENDAS - COSTA RICA   |x CONSTRUCCION DE VIVIENDAS  |9 13033 
942 |c TFG 
999 |c 20408  |d 20408